[Event "South Wales International"]
[Site "Penarth Conservative Club, WLS"]
[Date "2013.07.14"]
[Round "1.1"]
[White "Steffens, Olaf"]
[Black "Petkov, Vladimir"]
[Result "0-1"]
[WhiteElo "2200"]
[BlackElo "2544"]
[PlyCount "60"]
[EventDate "2013.??.??"]

1. b4 e5 2. a3 d5 3. Bb2 Bd6 4. c4 dxc4 5. e3 Be6 6. Qc2 b5 7. d3 cxd3 8. Bxd3
a6 9. f4 Nd7 10. Nf3 c5 11. fxe5 Be7 12. O-O Rc8 13. Nc3 Nh6 14. bxc5 Ng4 15.
Nd4 Nxc5 16. Nxe6 Nxe6 17. Rxf7 Nxe5 18. Bf5 Kxf7 19. Qe4 Bf6 20. Rd1 Qc7 21.
Bxe6+ Kxe6 22. Nd5 Qc2 23. Nf4+ Ke7 24. Qb7+ Rc7 25. Nd5+ Kd6 26. Qb6+ Rc6 27.
Bxe5+ Bxe5 28. Qxc6+ Qxc6 29. Nb4+ Kc7 30. Nxc6 Kxc6 0-1

[Event "South Wales International"]
[Site "Penarth Conservative Club, WLS"]
[Date "2013.07.14"]
[Round "1.2"]
[White "Hawkins, Jonathan "]
[Black "Menadue, Jeremy FS"]
[Result "1-0"]
[WhiteElo "2517"]
[BlackElo "2145"]
[PlyCount "75"]
[EventDate "2013.??.??"]

1. d4 d5 2. c4 c6 3. Nf3 Nf6 4. Nc3 dxc4 5. a4 a5 6. e4 Bg4 7. Bxc4 e6 8. Be3
Bb4 9. Qc2 Bxf3 10. gxf3 Nbd7 11. Rg1 g6 12. O-O-O Qc7 13. f4 O-O-O 14. Kb1 Kb8
15. f3 Rhe8 16. Rc1 Nh5 17. Bb3 Bxc3 18. Qxc3 Nxf4 19. Qd2 Nh5 20. Bf2 f5 21.
Bh4 Rc8 22. Bc4 Nb6 23. Bb3 Nd7 24. Rge1 b6 25. Bc4 Ka7 26. Bf2 c5 27. Bb5 fxe4
28. dxc5 Nxc5 29. Bxc5 bxc5 30. Bxe8 Rxe8 31. Rxc5 Qxc5 32. Qd7+ Kb6 33. Qxe8
Qd5 34. Rc1 exf3 35. Qb8+ Ka6 36. Qc8+ Qb7 37. Rc6+ Ka7 38. Rc7 1-0

[Event "South Wales International"]
[Site "Penarth Conservative Club, WLS"]
[Date "2013.07.14"]
[Round "1.3"]
[White "Brown, Thomas"]
[Black "Wells, Peter K"]
[Result "0-1"]
[WhiteElo "2106"]
[BlackElo "2479"]
[PlyCount "60"]
[EventDate "2013.??.??"]

1. g3 d5 2. Bg2 e5 3. c4 c6 4. cxd5 cxd5 5. d4 e4 6. Nh3 Nc6 7. O-O h6 8. Nc3
Nf6 9. f3 exf3 10. Rxf3 Be7 11. Rf1 Bxh3 12. Bxh3 Bb4 13. a3 Bxc3 14. bxc3 O-O
15. a4 Re8 16. Qd3 Qe7 17. Ra2 Na5 18. g4 Ne4 19. Rf5 Qh4 20. Rc2 Nc4 21. Rxd5
Qe1+ 22. Kg2 Qf2+ 23. Kh1 Qe1+ 24. Kg2 Ned2 25. Re5 Qf1+ 26. Kg3 Qe1+ 27. Kg2
Qf1+ 28. Kg3 Qg1+ 29. Bg2 Nf1+ 30. Kf3 Rxe5 0-1

[Event "South Wales International"]
[Site "Penarth Conservative Club, WLS"]
[Date "2013.07.14"]
[Round "1.4"]
[White "Petrov, Maijan"]
[Black "Horton, Justin"]
[Result "1-0"]
[WhiteElo "2478"]
[BlackElo "2090"]
[PlyCount "68"]
[EventDate "2013.??.??"]

1. e4 e5 2. Nf3 Nc6 3. Bc4 Bc5 4. d3 Nf6 5. O-O d6 6. c3 a6 7. Re1 Ba7 8. Bb3
O-O 9. Nbd2 Ng4 10. Re2 Kh8 11. h3 Nh6 12. Nf1 f5 13. exf5 Bxf5 14. Bd5 Qd7 15.
Ng3 Bxh3 16. gxh3 Qxh3 17. d4 Ng4 18. Qf1 Qxf1+ 19. Nxf1 exd4 20. cxd4 Nxd4 21.
Nxd4 Bxd4 22. Be3 Be5 23. Bxb7 Rab8 24. Bxa6 Bxb2 25. Rb1 Be5 26. Bb7 c5 27.
Ree1 h5 28. a4 h4 29. Bg2 c4 30. Ba7 Rb3 31. Ne3 Nxf2 32. Nxc4 Rxb1 33. Rxb1 h3
34. Nxe5 dxe5 1-0

[Event "South Wales International"]
[Site "Penarth Conservative Club, WLS"]
[Date "2013.07.14"]
[Round "1.5"]
[White "Pleasants, Allan J "]
[Black "Arkell, Keith C "]
[Result "0-1"]
[WhiteElo "2038"]
[BlackElo "2444"]
[PlyCount "120"]
[EventDate "2013.??.??"]

1. e4 c6 2. d4 d5 3. exd5 cxd5 4. c4 Nf6 5. Nc3 g6 6. Qb3 Bg7 7. cxd5 O-O 8.
Be2 Nbd7 9. Bf3 Nb6 10. Nge2 Bg4 11. Bxg4 Nxg4 12. Bf4 Nh6 13. d6 exd6 14. a4
Nf5 15. a5 Nd7 16. Qb4 Nf6 17. O-O Qd7 18. Ng3 Nxg3 19. Bxg3 d5 20. Rfe1 Rfe8
21. Be5 Ne4 22. Qb5 Rad8 23. Qxd7 Rxd7 24. Bxg7 Kxg7 25. f3 Nd6 26. Rxe8 Nxe8
27. Re1 Nd6 28. g4 Nc8 29. b4 Ne7 30. b5 Rc7 31. b6 axb6 32. axb6 Rxc3 33. Rxe7
Rxf3 34. Rxb7 Rf4 35. h3 Rxd4 36. Rd7 Rb4 37. b7 Kf6 38. Rxd5 Rxb7 39. Kg2 Rb2+
40. Kg3 Rb3+ 41. Kg2 Re3 42. Ra5 h6 43. Ra7 Re7 44. Ra5 Re5 45. Ra7 h5 46. gxh5
Rxh5 47. Kg3 Rd5 48. Rb7 Rd3+ 49. Kg2 g5 50. Rb4 Kf5 51. h4 g4 52. Rb5+ Ke6 53.
Rg5 f5 54. h5 Rh3 55. Rg6+ Ke5 56. h6 Kf4 57. Kf2 Rh2+ 58. Kg1 g3 59. Kf1 Kf3
60. Kg1 Ra2 0-1

[Event "South Wales International"]
[Site "Penarth Conservative Club, WLS"]
[Date "2013.07.14"]
[Round "1.6"]
[White "Hanley, Craig A "]
[Black "Jones, Steven "]
[Result "1-0"]
[WhiteElo "2433"]
[BlackElo "2033"]
[PlyCount "72"]
[EventDate "2013.??.??"]

1. d4 Nf6 2. c4 e6 3. g3 Bb4+ 4. Bd2 Qe7 5. Bg2 Nc6 6. Nf3 Bxd2+ 7. Nbxd2 d6 8.
O-O O-O 9. e4 e5 10. d5 Nb8 11. Ne1 c6 12. Nd3 cxd5 13. cxd5 b6 14. Qb3 Nbd7
15. Nb4 Nc5 16. Nc6 Qc7 17. Qa3 a5 18. b4 axb4 19. Qxa8 Bb7 20. Qxf8+ Kxf8 21.
Nxb4 Qd7 22. a3 Qb5 23. Rfe1 h5 24. Rab1 h4 25. Bf1 Qd7 26. Nd3 Na4 27. Nxe5
dxe5 28. Bb5 Qg4 29. Bxa4 hxg3 30. hxg3 Bxd5 31. Bd1 Qg5 32. Nf3 Qg6 33. Nxe5
Qh7 34. Rxb6 Bxe4 35. Bf3 Bxf3 36. Nxf3 g6 1-0

[Event "South Wales International"]
[Site "Penarth Conservative Club, WLS"]
[Date "2013.07.14"]
[Round "1.8"]
[White "Strugnell, Carl"]
[Black "Harley-Yeo, Gareth"]
[Result "1-0"]
[WhiteElo "2302"]
[BlackElo "1979"]
[PlyCount "105"]
[EventDate "2013.??.??"]

1. e4 c5 2. Nc3 e6 3. Nf3 a6 4. d4 cxd4 5. Nxd4 Nc6 6. Be3 Qc7 7. Qd2 Nf6 8.
O-O-O Be7 9. f3 O-O 10. g4 b5 11. g5 Nh5 12. Rg1 Rd8 13. Kb1 Bb7 14. Qf2 b4 15.
Nce2 Ne5 16. Ng3 Nxg3 17. Rxg3 Rac8 18. Nb3 Nc4 19. Bxc4 Qxc4 20. Na5 Qb5 21.
Bb6 Ba8 22. Bxd8 Bxd8 23. Nb3 Bb6 24. Qd2 d5 25. e5 a5 26. Nd4 Qc4 27. b3 Qc7
28. Qe2 Bc6 29. f4 Bd7 30. h4 a4 31. h5 axb3 32. Nxb3 Qa7 33. g6 fxg6 34. hxg6
h6 35. Qd2 Ra8 36. Nc1 d4 37. Qd3 Bc6 38. f5 Bd5 39. f6 Bxa2+ 40. Nxa2 Qxa2+
41. Kc1 Qd5 42. Qf3 Ra1+ 43. Kd2 Rxd1+ 44. Kxd1 Qd7 45. Qa8+ Bd8 46. Rf3 Qc7
47. fxg7 Qxe5 48. Qxd8+ Kxg7 49. Qe8 h5 50. Qf8+ Kxg6 51. Rg3+ Kh7 52. Qg8+ Kh6
53. Qg6# 1-0

[Event "South Wales International"]
[Site "Penarth Conservative Club, WLS"]
[Date "2013.07.14"]
[Round "1.10"]
[White "Rudd, Jack"]
[Black "Guy, David"]
[Result "1-0"]
[WhiteElo "2280"]
[BlackElo "1965"]
[PlyCount "73"]
[EventDate "2013.??.??"]

1. e4 e5 2. d4 exd4 3. Qxd4 Nc6 4. Qe3 d6 5. Nc3 g6 6. Bd2 Bg7 7. O-O-O Nf6 8.
Nge2 O-O 9. h4 h5 10. f3 Re8 11. Nf4 Ne5 12. Qf2 a6 13. Be2 b5 14. Rdg1 Bd7 15.
g4 hxg4 16. h5 g5 17. h6 gxf4 18. hxg7 g3 19. Bxf4 Kxg7 20. Qxg3+ Ng6 21. Bh6+
Kg8 22. Qh2 Bc6 23. Bg5 Kf8 24. Qh6+ Ke7 25. Qg7 Ke6 26. f4 Rg8 27. f5+ Ke5 28.
Qxf7 Nf4 29. Bxf4+ Kxf4 30. Rxg8 Nxg8 31. Rf1+ Ke5 32. Qg7+ Nf6 33. Qg3+ Kd4
34. Rd1+ Kc5 35. Qg1+ Kb4 36. a3+ Ka5 37. b4# 1-0

[Event "South Wales International"]
[Site "Penarth Conservative Club, WLS"]
[Date "2013.07.14"]
[Round "1.11"]
[White "Hickman, John E "]
[Black "Rees, Ioan"]
[Result "1-0"]
[WhiteElo "1965"]
[BlackElo "2258"]
[PlyCount "83"]
[EventDate "2013.??.??"]

1. e4 c5 2. Nf3 Nc6 3. d3 e6 4. g3 d5 5. Nbd2 g6 6. Bg2 Bg7 7. O-O Nge7 8. Re1
b6 9. exd5 exd5 10. d4 cxd4 11. Nb3 d3 12. Qxd3 Bf5 13. Qd1 O-O 14. c3 Be4 15.
Bg5 Re8 16. Qd2 Qc8 17. Bxe7 Rxe7 18. Nbd4 Na5 19. Qg5 Qf8 20. Qh4 f6 21. Nd2
Bxg2 22. Kxg2 Rae8 23. N4f3 Nc6 24. Qa4 Ne5 25. Qb5 Qf7 26. a4 Bh6 27. a5 bxa5
28. Rxa5 Rd8 29. Rea1 Rdd7 30. Qa4 Rb7 31. Qa2 Red7 32. Nxe5 fxe5 33. Nf3 Qe6
34. Re1 Bg7 35. Ng5 Qc6 36. Ne4 Kh8 37. Nc5 d4+ 38. Kg1 Rf7 39. Nxb7 Qxb7 40.
cxd4 Qf3 41. b4 Qc3 42. Qxf7 1-0

[Event "South Wales International"]
[Site "Penarth Conservative Club, WLS"]
[Date "2013.07.14"]
[Round "1.12"]
[White "Braun, Walter"]
[Black "Davis, Lee"]
[Result "1-0"]
[WhiteElo "2236"]
[BlackElo "1956"]
[PlyCount "87"]
[EventDate "2013.??.??"]

1. Nc3 g6 2. h4 h5 3. e4 Bg7 4. d4 d6 5. Bc4 Nc6 6. Nge2 e5 7. Bg5 Bf6 8. Nd5
Bxg5 9. hxg5 Nce7 10. Nec3 Nxd5 11. Nxd5 c6 12. dxe5 cxd5 13. Qxd5 Be6 14. Bb5+
Kf8 15. Qxd6+ Ne7 16. O-O-O Kg7 17. f4 Rc8 18. Bd7 Bxd7 19. Qxd7 Qc7 20. Rd2
Nc6 21. Rhd1 Nb8 22. Qa4 Rhe8 23. c3 Qc5 24. Qd4 b6 25. Kb1 Re6 26. Qxc5 bxc5
27. Rd5 Ree8 28. Kc2 Kf8 29. Kd3 c4+ 30. Ke3 Nc6 31. R1d2 a5 32. Rc5 Nxe5 33.
Rxe5 Rxe5 34. fxe5 Ke7 35. Rd5 Rb8 36. Rxa5 Rxb2 37. Kd4 Rxg2 38. Ra7+ Kf8 39.
e6 Rxg5 40. exf7 h4 41. e5 h3 42. e6 Rf5 43. Ra8+ Kg7 44. Rg8+ 1-0

[Event "South Wales International"]
[Site "Penarth Conservative Club, WLS"]
[Date "2013.07.14"]
[Round "1.13"]
[White "Ehsander, Peter"]
[Black "Marusenko, Petr"]
[Result "1-0"]
[WhiteElo "1959"]
[BlackElo "2213"]
[PlyCount "60"]
[EventDate "2013.??.??"]

1. e4 c6 2. d4 d5 3. e5 c5 4. Nf3 Nc6 5. c4 cxd4 6. cxd5 Qxd5 7. Nc3 Qd8 8. Nb5
e6 9. a3 Nh6 10. Nbxd4 Nxe5 11. Bb5+ Nd7 12. Qa4 Bd6 13. Bxh6 gxh6 14. O-O-O
O-O 15. Kb1 Nf6 16. g4 Nd5 17. Qb3 Qf6 18. h4 Nf4 19. Ne2 e5 20. Nxf4 exf4 21.
Ka1 Bc5 22. g5 Qe6 23. Bc4 Qb6 24. gxh6 Qxb3 25. Rhg1+ Kh8 26. Bxb3 Bxf2 27.
Rg2 Bg3 28. Ng5 Be6 29. Bxe6 fxe6 30. Nxe6 Rg8 {
The remainder of the scoresheet is illegible.} 1-0

[Event "South Wales International"]
[Site "Penarth Conservative Club, WLS"]
[Date "2013.07.14"]
[Round "1.14"]
[White "House, Glenn L"]
[Black "Gosling, Brian GE"]
[Result "1-0"]
[WhiteElo "2211"]
[BlackElo "1956"]
[PlyCount "51"]
[EventDate "2013.??.??"]

1. e4 d5 2. exd5 Qxd5 3. Nc3 Qa5 4. Bc4 Nf6 5. d3 c6 6. Bd2 Qc7 7. Qe2 Bg4 8.
f3 Bh5 9. g4 Bg6 10. O-O-O b5 11. Bb3 a5 12. a4 b4 13. Ne4 Nxe4 14. dxe4 e5 15.
f4 f6 16. fxe5 fxe5 17. Nf3 Nd7 18. Nh4 Nc5 19. Nxg6 Nxb3+ 20. cxb3 hxg6 21.
Qc4 O-O-O 22. Bg5 Rd4 23. Rxd4 exd4 24. Rf1 Qe5 25. Qa6+ Kd7 26. Qb7+ 1-0

[Event "South Wales International"]
[Site "Penarth Conservative Club, WLS"]
[Date "2013.07.14"]
[Round "1.15"]
[White "Bullen, Alex"]
[Black "Brown, Martin"]
[Result "1-0"]
[WhiteElo "1954"]
[BlackElo "2203"]
[PlyCount "148"]
[EventDate "2013.??.??"]

1. e4 e6 2. d4 d5 3. Nc3 Nf6 4. e5 Nfd7 5. Nf3 c5 6. dxc5 Nc6 7. Bf4 Bxc5 8.
Bd3 f6 9. exf6 Nxf6 10. O-O O-O 11. Bg5 a6 12. Qd2 b5 13. Rae1 Bd6 14. Bxf6
Rxf6 15. Qg5 Qf8 16. Nxd5 exd5 17. Qxd5+ Kh8 18. Ng5 Bf5 19. Bxf5 Rxf5 20. Qxc6
Rxg5 21. Re6 Bc5 22. Kh1 Rf5 23. f3 Rd8 24. Rfe1 Rd6 25. Rxd6 Qxd6 26. Re8+ Rf8
27. Rxf8+ Qxf8 28. Qxa6 Qd8 29. g3 Qd1+ 30. Kg2 Qxc2+ 31. Kh3 Qf5+ 32. Kg2 Qc2+
33. Kh3 Qf5+ 34. Kg2 Bf8 35. Qc6 Qe5 36. Qc2 h6 37. Qd2 Be7 38. b3 b4 39. Qc2
Bc5 40. Kf1 Qe3 41. Kg2 Qe5 42. Qd2 Qd4 43. Qc2 Qd5 44. Qe2 Kh7 45. Qc2+ Kg8
46. Qe2 Kf7 47. Qc2 Kf6 48. Qe2 Qd4 49. Qa6+ Kg5 50. Qe2 Qe3 51. f4+ Kf6 52.
Qb2+ Qd4 53. Qe2 Qd5+ 54. Kh3 Qe6+ 55. Qxe6+ Kxe6 56. Kg4 Kd5 57. Kf5 Bg1 58.
h3 Bh2 59. g4 Kd4 60. g5 hxg5 61. fxg5 Bg3 62. Kg6 Bh4 63. Kh5 Bg3 64. Kg6 Ke5
65. Kxg7 Ke6 66. g6 Kd5 67. Kf7 Be5 68. g7 Bxg7 69. Kxg7 Kd4 70. h4 Kc3 71. h5
Kb2 72. h6 Kxa2 73. h7 Kxb3 74. h8=Q Ka2 1-0

[Event "South Wales International"]
[Site "Penarth Conservative Club, WLS"]
[Date "2013.07.14"]
[Round "1.16"]
[White "Stensholt, Sigvat"]
[Black "Wills, Alex"]
[Result "1/2-1/2"]
[WhiteElo "1945"]
[BlackElo "1717"]
[PlyCount "107"]
[EventDate "2013.??.??"]

1. d4 d5 2. c4 e6 3. Nc3 Nf6 4. Bg5 Be7 5. e3 c6 6. Nf3 Nbd7 7. Rc1 O-O 8. Bd3
b6 9. O-O Bb7 10. cxd5 exd5 11. Ne2 c5 12. Ng3 g6 13. Ne2 c4 14. Bc2 b5 15. Nd2
Rc8 16. h3 Nh5 17. Bxe7 Qxe7 18. Re1 Ndf6 19. Nf1 Rfe8 20. Nfg3 Qb4 21. Nxh5
Nxh5 22. Rb1 Qd6 23. Qd2 b4 24. Nf4 Nxf4 25. exf4 c3 26. Rxe8+ Rxe8 27. bxc3
bxc3 28. Qxc3 Rc8 29. Qd2 Qc6 30. Bd3 Ba6 31. Bxa6 Qxa6 32. f5 Kg7 33. Re1 Qc4
34. Kh2 Qc2 35. Re2 Qb1 36. Qe3 Qb5 37. Qe5+ Kg8 38. Re4 Qb8 39. Qxb8 Rxb8 40.
Re2 Rb4 41. Rd2 Kg7 42. Kg3 Kf6 43. Kf4 g5+ 44. Ke3 Ra4 45. f3 Ra3+ 46. Ke2
Kxf5 47. Kf2 Kf4 48. g3+ Kf5 49. Re2 f6 50. Rd2 a6 51. Ke2 Ra4 52. Ke3 Ra3+ 53.
Kf2 Ra4 54. Ke3 1/2-1/2

[Event "South Wales International"]
[Site "Penarth Conservative Club, WLS"]
[Date "2013.07.14"]
[Round "1.17"]
[White "Thomas, Ben"]
[Black "Adebajo, Olufemi"]
[Result "0-1"]
[WhiteElo "1716"]
[BlackElo "1934"]
[PlyCount "76"]
[EventDate "2013.??.??"]

1. e4 c5 2. c3 Nf6 3. e5 Nd5 4. Bc4 e6 5. d4 Nb6 6. Bd3 c4 7. Bc2 d6 8. Nf3 Nc6
9. O-O Be7 10. Qe2 Qc7 11. exd6 Bxd6 12. Nbd2 Ne7 13. Ne4 Bd7 14. Nxd6+ Qxd6
15. Ne5 Ng6 16. Nxc4 Nxc4 17. Qxc4 Bc6 18. Ba4 O-O 19. Bxc6 bxc6 20. b3 Rfe8
21. Re1 Rab8 22. Re2 Rb5 23. a4 Rh5 24. g3 Qd7 25. f3 e5 26. g4 Rh3 27. Kg2 Rh4
28. dxe5 Nxe5 29. Qd4 Rxh2+ 30. Kf1 Rxe2 31. Kxe2 Nxg4+ 32. Kf1 Nh2+ 33. Kf2
Qh3 34. Qd1 Qh4+ 35. Kg2 Re6 36. Qd4 Rg6+ 37. Kh1 Nxf3+ 38. Qxh4 Rg1# 0-1

[Event "South Wales International"]
[Site "Penarth Conservative Club, WLS"]
[Date "2013.07.14"]
[Round "1.18"]
[White "Bryant, Richard BE"]
[Black "Bennett, Owen"]
[Result "1-0"]
[WhiteElo "1934"]
[BlackElo "1706"]
[PlyCount "51"]
[EventDate "2013.??.??"]

1. e4 c5 2. Nc3 e6 3. f4 d5 4. Nf3 dxe4 5. Nxe4 Nc6 6. Bc4 Be7 7. d3 Nf6 8. Ng3
b5 9. Bb3 Na5 10. O-O Nxb3 11. axb3 b4 12. Ne5 Bb7 13. Qe2 O-O 14. Kh1 Qc7 15.
Bd2 Nd7 16. Nc4 Bd5 17. f5 Bxc4 18. bxc4 e5 19. Rfe1 f6 20. b3 Bd6 21. Ne4 Nb6
22. Qh5 Rfd8 23. Re3 a5 24. Rh3 h6 25. Bxh6 gxh6 26. Qxh6 1-0

[Event "South Wales International"]
[Site "Penarth Conservative Club, WLS"]
[Date "2013.07.14"]
[Round "1.19"]
[White "Jones, Jeremy"]
[Black "Kostanjsek, Luke"]
[Result "0-1"]
[WhiteElo "1621"]
[BlackElo "1929"]
[PlyCount "46"]
[EventDate "2013.??.??"]

1. d4 Nf6 2. c4 g6 3. Nc3 Bg7 4. e4 d6 5. Nf3 O-O 6. Be2 e5 7. d5 Nbd7 8. O-O
a5 9. Bg5 Nc5 10. Qc2 h6 11. Be3 Ne8 12. a3 f5 13. Bxc5 dxc5 14. exf5 gxf5 15.
b4 e4 16. Nd2 axb4 17. Ncxe4 Bxa1 18. Rxa1 fxe4 19. Qxe4 Qf6 20. Rf1 bxa3 21.
Qb1 a2 22. Qa1 Qxa1 23. Rxa1 Nd6 0-1

[Event "South Wales International"]
[Site "Penarth Conservative Club, WLS"]
[Date "2013.07.14"]
[Round "1.20"]
[White "Bryant, Jon"]
[Black "Du Toit, Stephanie"]
[Result "1-0"]
[WhiteElo "1926"]
[BlackElo "1603"]
[PlyCount "87"]
[EventDate "2013.??.??"]

1. Nf3 Nf6 2. c4 c6 3. d4 d5 4. Qc2 Bg4 5. Bf4 e6 6. a3 Nbd7 7. e3 Bf5 8. Qb3
b6 9. Nc3 Be7 10. h3 O-O 11. Be2 Re8 12. O-O Nf8 13. Rfd1 Bd6 14. Ne5 Qc7 15.
Rac1 Ng6 16. cxd5 exd5 17. Nxg6 Bxg6 18. Nb5 Qd7 19. Nxd6 Red8 20. Ba6 Rab8 21.
Nxf7 Bxf7 22. Bxb8 Rxb8 23. Bd3 Qd6 24. Qc2 Rc8 25. b4 Be6 26. Bf5 Bxf5 27.
Qxf5 Rf8 28. Qc2 Rc8 29. Qa4 Qd7 30. Rc2 Ne4 31. Rdc1 Qf7 32. f3 Ng3 33. Rxc6
Rf8 34. Qc2 Nf5 35. Qd3 Re8 36. Rc8 Nd6 37. Rxe8+ Qxe8 38. e4 dxe4 39. fxe4 Qg6
40. Qf3 h6 41. Rc6 Kh7 42. Qf4 Qe6 43. Rxd6 Qe7 44. e5 1-0

[Event "South Wales International"]
[Site "Penarth Conservative Club, WLS"]
[Date "2013.07.14"]
[Round "1.21"]
[White "Evans, James"]
[Black "Robinson, David"]
[Result "0-1"]
[WhiteElo "1428"]
[BlackElo "1926"]
[PlyCount "80"]
[EventDate "2013.??.??"]

1. e4 d5 2. exd5 Qxd5 3. Nc3 Qa5 4. Nf3 Nf6 5. Be2 c6 6. O-O Bf5 7. d3 e6 8.
Bf4 Nbd7 9. Qd2 Bb4 10. Nd4 Bg6 11. Nb3 Qd8 12. a3 Be7 13. Rfe1 O-O 14. Nd4 e5
15. Nf3 exf4 16. Qxf4 Re8 17. Nh4 Nf8 18. Nf5 Ne6 19. Nxe7+ Rxe7 20. Qb4 Qc7
21. Bf3 Rae8 22. Ne4 Nxe4 23. Bxe4 Nf8 24. Bxg6 Nxg6 25. Rxe7 Qxe7 26. Qxe7
Rxe7 27. Kf1 c5 28. Re1 Rxe1+ 29. Kxe1 f5 30. Ke2 Kf7 31. Ke3 Ke6 32. f4 b5 33.
b3 Ne7 34. c4 bxc4 35. dxc4 Nc6 36. h3 Na5 37. g4 Nxb3 38. gxf5+ Kxf5 39. a4
Nd4 40. h4 Ne6 0-1

[Event "South Wales International"]
[Site "Penarth Conservative Club, WLS"]
[Date "2013.07.14"]
[Round "1.22"]
[White "Ralphs, Nigel"]
[Black "Tarr, Stephen"]
[Result "1-0"]
[WhiteElo "1913"]
[BlackElo "1826"]
[PlyCount "49"]
[EventDate "2013.??.??"]

1. e4 c5 2. Nf3 d6 3. Bb5+ Bd7 4. Bxd7+ Nxd7 5. O-O g6 6. c3 Bg7 7. d4 cxd4 8.
cxd4 Qc7 9. Nc3 Ngf6 10. Bg5 O-O 11. Rc1 Qa5 12. Qd2 Rfc8 13. Rfe1 Kf8 14. b4
Qxb4 15. e5 dxe5 16. dxe5 Ng4 17. Qxd7 Rxc3 18. Rxc3 Qxc3 19. Rc1 Qxc1+ 20.
Bxc1 Nxe5 21. Nxe5 Bxe5 22. Bh6+ Kg8 23. Qxe7 Bd4 24. g3 b5 25. Qd7 1-0